000 00556nam a2200169Ia 4500
003 GCL
008 140319s9999 xx 000 0 ara d
040 _aGCL /
_cGCL
082 0 4 _a18901
_bف د
100 1 _aفضل اللة محمد اسماعيل
245 1 0 _aالدوله المثالية بين الفكر الاغريقى والفكر الاسلامى /
_cفضل اللة محمد اسماعيل
300 _a458 ص
490 _a
650 0 4 _aالفلسفة الاسلامية
650 0 4 _aالفلسفة الاغريقية
942 _2ddc
_cBK
999 _c44464
_d44464